Języki urzędowe państw Europy - Statystyki

Ogólne statystyki
  • Ten quiz został rozwiązany 48 razy
  • Średni wynik to 35 z 38
Statystyki odpowiedzi
Państwo Język % Poprawnych
Wielka Brytania Angielski
100%
Francja Francuski
100%
Niemcy Niemiecki
100%
Polska Polski
100%
Włochy Włoski
100%
Białoruś Białoruski
98%
Chorwacja Chorwacki
98%
Grecja Grecki
98%
Hiszpania Hiszpański
98%
Holandia Niderlandzki
98%
Portugalia Portugalski
98%
Rosja Rosyjski
98%
Serbia Serbski
98%
Ukraina Ukraiński
98%
Albania Albański
95%
Bułgaria Bułgarski
95%
Czechy Czeski
95%
Dania Duński
95%
Estonia Estoński
95%
Macedonia Północna Macedoński
95%
Norwegia Norweski
95%
Rumunia Rumuński
95%
Słowacja Słowacki
95%
Słowenia Słoweński
95%
Węgry Węgierski
95%
Finlandia Fiński
93%
Litwa Litewski
93%
Szwecja Szwedzki
93%
Czarnogóra Czarnogórski
90%
Irlandia Irlandzki
90%
Islandia Islandzki
90%
Łotwa Łotewski
90%
Malta Maltański
88%
Bośnia i Hercegowina Bośniacki
83%
Watykan Łacina
83%
Luksemburg Luksemburski
76%
Andora Kataloński
51%
Szwajcaria Retoromański
37%
Nie znaleziono quizów pasujących do podanych kryteriów
Rozkład punktacji
Procent ludzi z każdym wynikiem
Percentyl według liczby udzielonych odpowiedzi
Twoja historia wyników
Nie rozwiązałeś tego quizu